| 000 | 00438nam a2200181Ia 4500 | ||
|---|---|---|---|
| 005 | 20240730060749.0 | ||
| 008 | 240331s9999 xx 000 0 und d | ||
| 020 | _a0521461294 | ||
| 082 |
_bBAR _a294.3 |
||
| 100 | _aBartholomeusz, T | ||
| 245 | 0 | _aWomen under the bo tree | |
| 260 |
_aCambridge _bPress syndicate _c1994 |
||
| 300 | _axx, 284 p ., | ||
| 650 | _aTextual | ||
| 650 | _aHistory | ||
| 650 | _aAnthropological | ||
| 942 | _cL | ||
| 999 |
_c1378 _d1378 |
||